Dundonald, (Record no. 552520)
[ view plain ]
| 000 -LEADER | |
|---|---|
| fixed length control field | 00437mam a2200145 4500 |
| 082 ## - DEWEY DECIMAL CLASSIFICATION NUMBER | |
| Classification number | 359.009242 |
| Author Mark | FOR |
| 100 1# - MAIN ENTRY--PERSONAL NAME | |
| Personal name | Fortescue, J. W. |
| 9 (RLIN) | 49223 |
| 245 00 - TITLE STATEMENT | |
| Title | Dundonald, |
| Statement of responsibility, etc. | by the Hon. J. W. Fortescue. |
| 260 ## - PUBLICATION, DISTRIBUTION, ETC. | |
| Place of publication, distribution, etc. | London and New York, |
| Name of publisher, distributor, etc. | Macmillan and Co., |
| Date of publication, distribution, etc. | 1895. |
| 300 ## - PHYSICAL DESCRIPTION | |
| Extent | ix, 227 p. |
| Other physical details | front. (port.) |
| Dimensions | l9 cm. |
| 490 1# - SERIES STATEMENT | |
| Series statement | English men of action |
| 526 ## - STUDY PROGRAM INFORMATION NOTE | |
| Program name | 0 |
| Interest level | 0 |
| Reading level | 0 |
| Title point value | 359_009242000000000_FOR |
| 650 ## - SUBJECT ADDED ENTRY--TOPICAL TERM | |
| Topical term or geographic name entry element | MCE |
| 9 (RLIN) | 379 |
| 942 ## - ADDED ENTRY ELEMENTS (KOHA) | |
| Source of classification or shelving scheme | |
| Koha item type | Book |
| Withdrawn status | Lost status | Source of classification or shelving scheme | Damaged status | Not for loan | Permanent Location | Current Location | Shelving location | Date acquired | Total Checkouts | Full call number | Barcode | Date last seen | Price effective from | Koha item type |
|---|---|---|---|---|---|---|---|---|---|---|---|---|---|---|
| Military College of Engineering (MCE) | Military College of Engineering (MCE) | 01/16/2015 | 359.009242 FOR | MCE-ECD/25 | 01/16/2015 | 01/16/2015 | Book |
